History Quiz

Random History Quiz

Western Civilization Winter Quiz Stats

Quiz not verified by Sporcle

Challenge
Share
Tweet
Embed
Score 0/27 Timer 13:00
0 Plays Today
Event Year % Correct
Discovery of America by Columbus1492
87.9%
Battle of Hastings; Norman Conquest of England1066
86.3%
Magna Carta1215
79%
Luther's 95 Theses1517
79%
Charlemagne crowned Emperor by Pope Leo III; in theory a revival of Roman empire in the West800
77.4%
Penance of Henry IV at Canossa1077
75%
Conquest of Constantinople by the Ottoman Turks1453
75%
Restoration of Monarchy in England1660
75%
Death of Charlemagne814
74.2%
Sack of Rome by the Visigoths under Alaric410
71.8%
30 Years' War, ended by Peace of Westphalia1618-1648
70.2%
The Hegira to Medina622
67.7%
Civil War in England1642-1648
67.7%
Deposition of Romulus Augustulus, Last Roman Emperor of the West476
66.9%
Event Year % Correct
Hundred Years War1338-1453
66.9%
Elizabeth, Queen of England1558-1603
66.9%
Philip II, King of Spain1556-1598
66.1%
Commonwealth in England1649-1660
66.1%
First Crusade1096-1099
65.3%
Pepin Consecrated King by the Pope; alliance between papacy and Frankish Kingdom754
63.7%
Fourth Crusade; Westerners captured Constantinople, established Latin States in the Levant1204
62.1%
Pope Gregory the Great (the fourth Latin Doctor)590-604
61.3%
Battle of Tours: Defeat of Arabs by Charles Martel733
59.7%
Otto I crowned Roman Emperor962
59.7%
Pope Innocent III1198-1216
56.5%
Clovis, King of the Franks established the Merovingian Dynasty481-511
53.2%
Pope Boniface VIII1294-1303
52.4%

You're not logged in!

Compare scores with friends on all Sporcle quizzes.
Sign Up with Email
OR
Log In

You Might Also Like...

Show Comments

Extras

Top Quizzes Today


Score Distribution

Your Account Isn't Verified!

In order to create a playlist on Sporcle, you need to verify the email address you used during registration. Go to your Sporcle Settings to finish the process.

Report this User

Report this user for behavior that violates our Community Guidelines.

Details: